Μετέφρασε την Αρχαία Ελληνική Λέξη #1 - Statistics

General Stats
  • This quiz has been taken 49 times
  • The average score is 11 of 15
Answer Stats
Αρχαία Ελληνικά Νέα Ελληνικά % Correct
ἰχθύς ψάρι
98%
νῆσος νησί
98%
ὀφθαλμός μάτι
98%
ὕδωρ νερό
98%
βίος ζωή
95%
σελήνη φεγγάρι
93%
ἄστῠ πόλη
86%
κόμη μαλλιά
84%
ἀνήρ άντρας
81%
ὦτᾰ αυτιά
81%
ναῦς πλοίο
74%
ἄναξ βασιλιάς
47%
ὄμβρος βροχή
35%
ἄρουρα γη
9%
δόρπιον δείπνος
5%
No matching quizzes found
Score Distribution
Percent of People with Each Score
Percentile by Number Answered
Your Score History
You have not taken this quiz